[Event "Mike Shpan mem."]
[Site "Winnipeg CAN"]
[Date "2004.11.23"]
[Round "4"]
[White "Lafreniere, Adrian"]
[Black "Harding, Mike"]
[Result "1-0"]
[WhiteElo "1753"]
[BlackElo "1740"]
[PlyCount "120"]
[GameId "2160767911060902"]
[EventDate "2004.11.02"]
[EventType "swiss"]
[EventRounds "6"]
[EventCountry "CAN"]
[SourceTitle "EXT 2009"]
[Source "ChessBase"]
[SourceDate "2008.11.26"]
[SourceVersion "1"]
[SourceVersionDate "2008.11.26"]
[SourceQuality "1"]

1. e4 c5 2. Nf3 d6 3. Bb5+ Bd7 4. Bxd7+ Qxd7 5. Nc3 e6 6. d4 cxd4 7. Nxd4 Nc6 8. Be3 Nf6 9. f3 Be7 10. Qd2 Ne5 11. Qe2 a6 12. Nd1 O-O 13. Nf2 Rac8 14. c3 b5 15. Nd3 Nc4 16. Bf2 Rfe8 17. Rc1 Qb7 18. O-O Nd7 19. b3 Nce5 20. Nb2 Rc7 21. c4 Rec8 22. f4 Nc6 23. Rc3 Bf6 24. Rd1 Nb4 25. a3 Na2 26. Rh3 b4 27. axb4 Nxb4 28. f5 e5 29. Nc2 Nxc2 30. Qxc2 Nc5 31. Rd5 Qb4 32. g4 Nd7 33. Nd3 Qb8 34. Kg2 Be7 35. Nc1 Nf6 36. Ra5 Qb7 37. Kf3 d5 38. exd5 e4+ 39. Kg2 Nxd5 40. Kf1 Nf4 41. Re3 Nd3 42. Nxd3 exd3 43. Rxd3 Qh1+ 44. Bg1 Qe4 45. Qe2 Qf4+ 46. Kg2 Bd6 47. Rad5 Bf8 48. h3 Re7 49. Qf3 Qc7 50. f6 Re6 51. fxg7 Be7 52. Rf5 Bh4 53. Rc5 Qxc5 54. Bxc5 Rxc5 55. Rd5 Rcc6 56. Rf5 Rc7 57. g5 Rce7 58. Qd3 Re2+ 59. Kf3 Rf2+ 60. Kg4 Kxg7 1-0

[Event "Mike Shpan mem."]
[Site "Winnipeg CAN"]
[Date "2004.11.23"]
[Round "4"]
[White "Proulx, Roy"]
[Black "Khedkar, Jay S"]
[Result "0-1"]
[WhiteElo "1695"]
[BlackElo "1964"]
[PlyCount "57"]
[GameId "2160767911060903"]
[EventDate "2004.11.02"]
[EventType "swiss"]
[EventRounds "6"]
[EventCountry "CAN"]
[SourceTitle "EXT 2009"]
[Source "ChessBase"]
[SourceDate "2008.11.26"]
[SourceVersion "1"]
[SourceVersionDate "2008.11.26"]
[SourceQuality "1"]

1. d4 Nf6 2. c4 e6 3. Nc3 d5 4. Bg5 Nbd7 5. cxd5 exd5 6. e3 c6 7. Nf3 Qa5 8. Nd2 Bb4 9. Qc2 h6 10. Bf4 O-O 11. Bd3 Re8 12. O-O Nh5 13. Bg3 Nxg3 14. hxg3 Nf6 15. e4 dxe4 16. Ndxe4 Nxe4 17. Nxe4 Qd5 18. Rad1 Be6 19. a3 Bf8 20. Nc3 Qb3 21. Rd2 Rad8 22. Be4 Qxc2 23. Bxc2 g6 24. Rfd1 Kg7 25. d5 cxd5 26. Nxd5 Bxd5 27. Rxd5 Rxd5 28. Rxd5 Re1+ 29. Kh2 0-1

[Event "Mike Shpan mem."]
[Site "Winnipeg CAN"]
[Date "2004.11.23"]
[Round "4"]
[White "Rutter, Blair"]
[Black "Rumpel, Chris"]
[Result "1-0"]
[WhiteElo "1659"]
[BlackElo "1559"]
[PlyCount "73"]
[GameId "2160767911060904"]
[EventDate "2004.11.02"]
[EventType "swiss"]
[EventRounds "6"]
[EventCountry "CAN"]
[SourceTitle "EXT 2009"]
[Source "ChessBase"]
[SourceDate "2008.11.26"]
[SourceVersion "1"]
[SourceVersionDate "2008.11.26"]
[SourceQuality "1"]

1. c4 Nf6 2. g3 g6 3. Bg2 Bg7 4. Nc3 e5 5. e4 O-O 6. Nge2 d6 7. O-O Nbd7 8. d3 c6 9. h3 h5 10. Bg5 Nc5 11. Qd2 Kh7 12. Rad1 Ne6 13. Be3 Ng8 14. d4 Ne7 15. d5 cxd5 16. cxd5 Nc7 17. f4 f6 18. Rf2 Bd7 19. Rdf1 Qc8 20. f5 g5 21. Bf3 Be8 22. a3 a6 23. Rc1 Qd7 24. Rc2 Bf7 25. Kh2 Nc8 26. Rf1 Na7 27. Rfc1 Rfc8 28. b3 Bf8 29. Na4 Ncb5 30. Nb6 Qd8 31. Nxa8 Rxa8 32. a4 Nd4 33. Nxd4 exd4 34. Bxd4 Nc8 35. Rc7 Kg8 36. Rxb7 Bh6 37. Rcc7 1-0

[Event "Mike Shpan mem."]
[Site "Winnipeg CAN"]
[Date "2004.11.23"]
[Round "4"]
[White "Silva, T Romero"]
[Black "Costales, Servillano"]
[Result "1-0"]
[WhiteElo "1660"]
[BlackElo "1650"]
[PlyCount "89"]
[GameId "2160767911060905"]
[EventDate "2004.11.02"]
[EventType "swiss"]
[EventRounds "6"]
[EventCountry "CAN"]
[SourceTitle "EXT 2009"]
[Source "ChessBase"]
[SourceDate "2008.11.26"]
[SourceVersion "1"]
[SourceVersionDate "2008.11.26"]
[SourceQuality "1"]

1. d4 e6 2. c4 c5 3. d5 d6 4. e4 g6 5. Nc3 Bg7 6. Bd2 Ne7 7. Bd3 O-O 8. Nge2 exd5 9. cxd5 Nd7 10. f4 a6 11. a4 Nf6 12. Ra3 Bd7 13. O-O Rc8 14. Bc2 c4 15. Kh1 Qb6 16. Qc1 Ng4 17. h3 Nf6 18. a5 Qc7 19. Ng3 Kh8 20. Be3 Qd8 21. Qd2 Nfg8 22. Bb6 Qe8 23. Bd4 f6 24. Na4 Bb5 25. Raf3 Nh6 26. Nb6 Rc7 27. Re3 Nc8 28. e5 dxe5 29. fxe5 f5 30. e6 f4 31. Bxg7+ Kxg7 32. Qd4+ Kg8 33. Rxf4 Nxb6 34. Qxb6 Re7 35. Rxf8+ Qxf8 36. d6 Re8 37. Qc7 Qf2 38. Rf3 Qe1+ 39. Kh2 Qxe6 40. Be4 Qd7 41. Bd5+ Kg7 42. Qc5 Nf5 43. Nxf5+ gxf5 44. Qd4+ Kg6 45. Rg3+ 1-0

[Event "Mike Shpan mem."]
[Site "Winnipeg CAN"]
[Date "2004.11.23"]
[Round "4"]
[White "Tang, Edward"]
[Black "Greenberg, Harley"]
[Result "1-0"]
[WhiteElo "1940"]
[BlackElo "1747"]
[PlyCount "55"]
[GameId "2160767911060906"]
[EventDate "2004.11.02"]
[EventType "swiss"]
[EventRounds "6"]
[EventCountry "CAN"]
[SourceTitle "EXT 2009"]
[Source "ChessBase"]
[SourceDate "2008.11.26"]
[SourceVersion "1"]
[SourceVersionDate "2008.11.26"]
[SourceQuality "1"]

1. e4 c5 2. Nf3 Nc6 3. d4 cxd4 4. Nxd4 Nf6 5. Nc3 e5 6. Ndb5 d6 7. Bg5 a6 8. Na3 b5 9. Nd5 Be7 10. Bxf6 Bxf6 11. c3 Ne7 12. Nxf6+ gxf6 13. Bd3 Bb7 14. Nc2 Rg8 15. Rg1 Qd7 16. Ne3 d5 17. exd5 f5 18. d6 e4 19. Bc2 Ng6 20. Qd4 Nh4 21. Qe5+ Qe6 22. d7+ Ke7 23. Qf4 Nf3+ 24. Ke2 Nxg1+ 25. Rxg1 Kxd7 26. Rd1+ Ke8 27. Bb3 Qe7 28. Nxf5 1-0

[Event "Mike Shpan mem."]
[Site "Winnipeg CAN"]
[Date "2004.11.30"]
[Round "5"]
[White "Costales, Servillano"]
[Black "Cheyne, Andrew"]
[Result "1/2-1/2"]
[WhiteElo "1650"]
[BlackElo "1158"]
[PlyCount "95"]
[GameId "2160767911060907"]
[EventDate "2004.11.02"]
[EventType "swiss"]
[EventRounds "6"]
[EventCountry "CAN"]
[SourceTitle "EXT 2009"]
[Source "ChessBase"]
[SourceDate "2008.11.26"]
[SourceVersion "1"]
[SourceVersionDate "2008.11.26"]
[SourceQuality "1"]

1. e4 e5 2. Nf3 Nc6 3. Bc4 Bc5 4. c3 h6 5. b4 Bb6 6. O-O d6 7. a4 a6 8. d3 Nf6 9. h3 O-O 10. Nbd2 Be6 11. Kh1 Ne7 12. Nh2 Qd7 13. Qf3 c6 14. Ba2 Bxa2 15. Rxa2 c5 16. Nc4 Ba7 17. Bxh6 cxb4 18. cxb4 Qe6 19. Be3 Bxe3 20. Qxe3 b5 21. axb5 axb5 22. Rxa8 Rxa8 23. Na5 d5 24. f4 d4 25. Qd2 Nd7 26. fxe5 Nxe5 27. Rc1 Rc8 28. Rd1 Rc3 29. Qe2 Qd6 30. Nf3 f6 31. Nxe5 fxe5 32. Qa2+ Kh7 33. Qb1 Nc6 34. Nxc6 Qxc6 35. Rf1 Qe6 36. Qd1 Rb3 37. Rf8 g6 38. Qe1 Qe7 39. Ra8 Rxd3 40. Qa1 Rc3 41. Ra7 Qxa7 42. Qxa7+ Kh6 43. Qa6 d3 44. Qxb5 d2 45. Qxe5 Rc1+ 46. Kh2 d1=Q 47. Qh8+ Kg5 48. Qe5+ 1/2-1/2

[Event "Mike Shpan mem."]
[Site "Winnipeg CAN"]
[Date "2004.11.30"]
[Round "5"]
[White "Gibson, Fred"]
[Black "Rumpel, Chris"]
[Result "0-1"]
[WhiteElo "1177"]
[BlackElo "1559"]
[PlyCount "28"]
[GameId "2160767911060908"]
[EventDate "2004.11.02"]
[EventType "swiss"]
[EventRounds "6"]
[EventCountry "CAN"]
[SourceTitle "EXT 2009"]
[Source "ChessBase"]
[SourceDate "2008.11.26"]
[SourceVersion "1"]
[SourceVersionDate "2008.11.26"]
[SourceQuality "1"]

1. d4 Nf6 2. c4 e6 3. Nc3 Bb4 4. Bg5 h6 5. Bh4 g5 6. Bg3 Ne4 7. Qd3 Bxc3+ 8. bxc3 Nxg3 9. Qxg3 c5 10. e4 cxd4 11. cxd4 Qa5+ 12. Kd1 d5 13. e5 Bd7 14. Qb3 Ba4 0-1

[Event "Mike Shpan mem."]
[Site "Winnipeg CAN"]
[Date "2004.11.30"]
[Round "5"]
[White "Herkert, Dean"]
[Black "Greenberg, Harley"]
[Result "1-0"]
[WhiteElo "1755"]
[BlackElo "1747"]
[PlyCount "99"]
[GameId "2160767911060909"]
[EventDate "2004.11.02"]
[EventType "swiss"]
[EventRounds "6"]
[EventCountry "CAN"]
[SourceTitle "EXT 2009"]
[Source "ChessBase"]
[SourceDate "2008.11.26"]
[SourceVersion "1"]
[SourceVersionDate "2008.11.26"]
[SourceQuality "1"]

1. f4 Nf6 2. Nc3 d5 3. e3 c5 4. b3 Nc6 5. Bb5 a6 6. Bxc6+ bxc6 7. Bb2 a5 8. Nf3 Ba6 9. Ne5 Qc7 10. d3 e6 11. O-O Bd6 12. Ne2 Nd7 13. Nxd7 Qxd7 14. Bxg7 Rg8 15. Bf6 Rg6 16. Bh4 f6 17. Qd2 Qg7 18. g3 Bb7 19. c4 Bc7 20. Kh1 f5 21. Qc3 d4 22. Qd2 e5 23. fxe5 Qxe5 24. Nf4 dxe3 25. Nxg6 hxg6 26. Qe2 Kf7 27. Bg5 Rh8 28. Bf4 Qe7 29. Qxe3 Qxe3 30. Bxe3 Bxg3 31. Kg2 Be5 32. Rab1 Rxh2+ 33. Kf3 Rxa2 34. Rf2 Rxf2+ 35. Kxf2 Bd4 36. Bxd4 cxd4 37. Ra1 Kf6 38. Rxa5 Kg5 39. Ra7 Bc8 40. Rc7 Ba6 41. Rxc6 Bb7 42. Rd6 f4 43. Rxd4 Kg4 44. Rd7 Bc8 45. Rh7 g5 46. b4 Bf5 47. Rh8 Bxd3 48. c5 Bb5 49. Rb8 Bc6 50. b5 1-0

[Event "Mike Shpan mem."]
[Site "Winnipeg CAN"]
[Date "2004.11.30"]
[Round "5"]
[White "Khedkar, Jay S"]
[Black "Gibbons, Michael"]
[Result "1-0"]
[WhiteElo "1964"]
[BlackElo "2079"]
[PlyCount "117"]
[GameId "2160767911060910"]
[EventDate "2004.11.02"]
[EventType "swiss"]
[EventRounds "6"]
[EventCountry "CAN"]
[SourceTitle "EXT 2009"]
[Source "ChessBase"]
[SourceDate "2008.11.26"]
[SourceVersion "1"]
[SourceVersionDate "2008.11.26"]
[SourceQuality "1"]

1. d4 Nf6 2. Nf3 e6 3. c4 b6 4. g3 Bb7 5. Bg2 Bb4+ 6. Nbd2 Ne4 7. O-O Nxd2 8. Bxd2 Bxd2 9. Qxd2 d6 10. Rad1 Nd7 11. d5 e5 12. e4 Nc5 13. Nh4 a5 14. f4 exf4 15. Qxf4 O-O 16. Nf5 Bc8 17. e5 Bxf5 18. Qxf5 dxe5 19. d6 e4 20. Bxe4 Nxe4 21. Qxe4 cxd6 22. Qf4 Qc7 23. Rxd6 Rad8 24. Rxd8 Qxd8 25. Rf2 Qe7 26. Qd4 Qc7 27. Rd2 Rc8 28. Qd6 g6 29. b3 Qc6 30. Rd5 a4 31. Kf2 axb3 32. axb3 Qb7 33. Qd7 Qa8 34. Ke3 Re8+ 35. Kd3 Kg7 36. Qg4 Qa2 37. Qd4+ Kh6 38. Kc3 Qxh2 39. g4 Qg3+ 40. Kb4 Qe1+ 41. Qd2+ Qxd2+ 42. Rxd2 Kg5 43. Rd4 f5 44. gxf5 Kxf5 45. Kb5 Re6 46. b4 h5 47. c5 bxc5 48. bxc5 g5 49. c6 Re5+ 50. Kb6 Re6 51. Kb7 h4 52. Rd7 Rxc6 53. Kxc6 g4 54. Kd5 g3 55. Rf7+ Kg4 56. Ke4 Kh3 57. Kf3 Kh2 58. Rg7 Kh1 59. Rh7 1-0

[Event "Mike Shpan mem."]
[Site "Winnipeg CAN"]
[Date "2004.11.30"]
[Round "5"]
[White "Rutter, Blair"]
[Black "Gibbons, Lorne"]
[Result "1-0"]
[WhiteElo "1659"]
[BlackElo "1300"]
[PlyCount "57"]
[GameId "2160767911060911"]
[EventDate "2004.11.02"]
[EventType "swiss"]
[EventRounds "6"]
[EventCountry "CAN"]
[SourceTitle "EXT 2009"]
[Source "ChessBase"]
[SourceDate "2008.11.26"]
[SourceVersion "1"]
[SourceVersionDate "2008.11.26"]
[SourceQuality "1"]

1. c4 Nf6 2. g3 b6 3. Bg2 c6 4. Nc3 e6 5. e4 Bb7 6. e5 Ng8 7. d4 Bb4 8. Nge2 f6 9. f4 d5 10. exd6 Bxd6 11. O-O Ne7 12. Qb3 Nd7 13. Ne4 Qc7 14. Bd2 a5 15. c5 Bxc5 16. dxc5 bxc5 17. Qxe6 Nf8 18. Qb3 Ba6 19. Rfe1 Nd7 20. Rad1 c4 21. Qc2 Qa7+ 22. Kh1 Qc7 23. N2c3 Rb8 24. Be3 O-O 25. Na4 Bb5 26. Nac5 Nxc5 27. Bxc5 Rbd8 28. Nd6 Rd7 29. Nxb5 1-0

[Event "Mike Shpan mem."]
[Site "Winnipeg CAN"]
[Date "2004.11.30"]
[Round "5"]
[White "Schulz, Waldemar"]
[Black "Tang, Edward"]
[Result "1-0"]
[WhiteElo "2089"]
[BlackElo "1940"]
[PlyCount "120"]
[GameId "2160767911060912"]
[EventDate "2004.11.02"]
[EventType "swiss"]
[EventRounds "6"]
[EventCountry "CAN"]
[SourceTitle "EXT 2009"]
[Source "ChessBase"]
[SourceDate "2008.11.26"]
[SourceVersion "1"]
[SourceVersionDate "2008.11.26"]
[SourceQuality "1"]

1. d4 Nf6 2. Nf3 g6 3. Bg5 Bg7 4. c3 O-O 5. Nbd2 d5 6. e3 c5 7. Bd3 Nbd7 8. O-O h6 9. Bh4 Re8 10. Re1 b6 11. e4 dxe4 12. Nxe4 cxd4 13. Nxd4 Bb7 14. Rc1 Nxe4 15. Bxe4 Bxe4 16. Rxe4 Nf6 17. Re2 Qd7 18. Nf3 Rad8 19. Rd2 Qc8 20. Qe2 Rxd2 21. Nxd2 Qf5 22. Nf3 g5 23. Bg3 Ne4 24. Rd1 Nxg3 25. hxg3 e5 26. Qb5 Re7 27. Qd5 Qe6 28. Kf1 f5 29. Qxe6+ Rxe6 30. Rd7 a6 31. Ke2 Kh7 32. Nd2 Kg6 33. Nc4 Bf8 34. a4 Kf6 35. a5 bxa5 36. Nxa5 Be7 37. Nc4 e4 38. Ne3 Rd6 39. Rxe7 f4 40. gxf4 gxf4 41. Rxe4 fxe3 42. Kxe3 Rb6 43. b4 Rb5 44. Kd3 Rg5 45. g4 h5 46. gxh5 Rxh5 47. Kd4 a5 48. bxa5 Rxa5 49. Re2 Kf5 50. c4 Kf4 51. c5 Ra1 52. Kd5 Kf3 53. Rd2 Kf4 54. c6 Rc1 55. Kd6 Rh1 56. c7 Rh6+ 57. Kc5 Rh5+ 58. Kc6 Rh6+ 59. Rd6 Rh8 60. Rd8 Rh6+ 1-0

[Event "Mike Shpan mem."]
[Site "Winnipeg CAN"]
[Date "2004.11.30"]
[Round "5"]
[White "Silva, T Romero"]
[Black "Proulx, Roy"]
[Result "1/2-1/2"]
[WhiteElo "1660"]
[BlackElo "1695"]
[PlyCount "120"]
[GameId "2160767911060913"]
[EventDate "2004.11.02"]
[EventType "swiss"]
[EventRounds "6"]
[EventCountry "CAN"]
[SourceTitle "EXT 2009"]
[Source "ChessBase"]
[SourceDate "2008.11.26"]
[SourceVersion "1"]
[SourceVersionDate "2008.11.26"]
[SourceQuality "1"]

1. d4 Nf6 2. c4 e6 3. Nf3 d5 4. Bg5 Nbd7 5. e3 c6 6. a3 Be7 7. Bd3 dxc4 8. Bxc4 O-O 9. O-O h6 10. Bf4 Nd5 11. Bg3 f5 12. Nbd2 N7f6 13. Be5 b5 14. Ba2 Ne4 15. Nxe4 fxe4 16. Nd2 Bg5 17. Nxe4 a5 18. Nxg5 Qxg5 19. Rc1 Bd7 20. Qd3 Rfe8 21. Bb1 Ne7 22. Qh7+ Kf7 23. f4 Qg4 24. Rf3 Rh8 25. Rg3 Rxh7 26. Rxg4 g6 27. Kf2 Nf5 28. Be4 Rc8 29. b4 Ne7 30. Rh4 Nd5 31. Rh3 Nf6 32. Bxf6 Kxf6 33. Rg3 Rg7 34. Bc2 Be8 35. e4 Rd7 36. Ke3 Rb7 37. d5 exd5 38. exd5 Rbc7 39. d6 Rd7 40. Ke4 Bf7 41. Bb3 Bxb3 42. Rxb3 Rxd6 43. Rbc3 Re8+ 44. Kf3 Ree6 45. g4 a4 46. f5 gxf5 47. gxf5 Re5 48. Rxc6 Rxf5+ 49. Kg4 Rg5+ 50. Kh3 Rxc6 51. Rxc6+ Kg7 52. Rb6 Kh7 53. Rd6 Kg7 54. Kh4 Kh7 55. Rd4 Kg6 56. h3 Kf6 57. Rf4+ Ke5 58. Rg4 Kf5 59. Rxg5+ hxg5+ 60. Kg3 Kf6 1/2-1/2

[Event "Mike Shpan mem."]
[Site "Winnipeg CAN"]
[Date "2004.11.30"]
[Round "5"]
[White "Van Wyk, Joseph"]
[Black "Lafreniere, Adrian"]
[Result "1-0"]
[WhiteElo "1912"]
[BlackElo "1753"]
[PlyCount "59"]
[GameId "2160767911060914"]
[EventDate "2004.11.02"]
[EventType "swiss"]
[EventRounds "6"]
[EventCountry "CAN"]
[SourceTitle "EXT 2009"]
[Source "ChessBase"]
[SourceDate "2008.11.26"]
[SourceVersion "1"]
[SourceVersionDate "2008.11.26"]
[SourceQuality "1"]

1. e4 e6 2. c4 b6 3. Nc3 Bb7 4. d4 d5 5. cxd5 exd5 6. e5 Nd7 7. Nf3 c6 8. Bd3 Bb4 9. O-O Nf8 10. Ng5 Qd7 11. Qf3 h6 12. Bf5 Qe7 13. Qh3 Bxc3 14. bxc3 g6 15. Bg4 Nh7 16. Nxh7 Rxh7 17. a4 Kd8 18. Ba3 c5 19. c4 Kc7 20. dxc5 Qxe5 21. Rfe1 Qd4 22. cxd5 Bxd5 23. cxb6+ axb6 24. Qg3+ Kc6 25. Rac1+ Kb7 26. Red1 Qxa4 27. Qc7+ Ka6 28. Be2+ b5 29. Rxd5 Qxa3 30. Rc6# 1-0

[Event "Mike Shpan mem."]
[Site "Winnipeg CAN"]
[Date "2004.12.07"]
[Round "6"]
[White "Cheyne, Andrew"]
[Black "Proulx, Roy"]
[Result "0-1"]
[WhiteElo "1158"]
[BlackElo "1695"]
[PlyCount "76"]
[GameId "2160767911060915"]
[EventDate "2004.11.02"]
[EventType "swiss"]
[EventRounds "6"]
[EventCountry "CAN"]
[SourceTitle "EXT 2009"]
[Source "ChessBase"]
[SourceDate "2008.11.26"]
[SourceVersion "1"]
[SourceVersionDate "2008.11.26"]
[SourceQuality "1"]

1. e4 e6 2. d4 d5 3. exd5 exd5 4. c4 Nf6 5. Nc3 c6 6. Nf3 Bg4 7. cxd5 cxd5 8. Be2 Be7 9. O-O O-O 10. Ne5 Bxe2 11. Qxe2 Nc6 12. Qd3 Qb6 13. Qb5 Qxb5 14. Nxb5 a6 15. Nxc6 bxc6 16. Nc3 Rab8 17. b3 Rfe8 18. Na4 Nd7 19. Re1 Bf6 20. Be3 c5 21. Rad1 cxd4 22. Bf4 Rbc8 23. Rxe8+ Rxe8 24. Bd6 Re2 25. Rc1 h6 26. g3 d3 27. Rd1 Be5 28. Bb4 Rxa2 29. Rxd3 Nf6 30. Nc3 Bxc3 31. Bxc3 Ne4 32. Bd4 Rd2 33. Rxd2 Nxd2 34. Bb6 Nxb3 35. Kf1 a5 36. Ke2 a4 37. Bc7 a3 38. Be5 d4 0-1

[Event "Mike Shpan mem."]
[Site "Winnipeg CAN"]
[Date "2004.12.07"]
[Round "6"]
[White "Essery, Richard"]
[Black "Herkert, Dean"]
[Result "1-0"]
[WhiteElo "1721"]
[BlackElo "1755"]
[PlyCount "61"]
[GameId "2160767911060916"]
[EventDate "2004.11.02"]
[EventType "swiss"]
[EventRounds "6"]
[EventCountry "CAN"]
[SourceTitle "EXT 2009"]
[Source "ChessBase"]
[SourceDate "2008.11.26"]
[SourceVersion "1"]
[SourceVersionDate "2008.11.26"]
[SourceQuality "1"]

1. e4 Nf6 2. e5 Nd5 3. d4 d6 4. c4 Nb6 5. f4 dxe5 6. fxe5 Bf5 7. Nc3 e6 8. Nf3 Nc6 9. Be3 Be7 10. Be2 Nb4 11. Rc1 c6 12. a3 Na6 13. O-O O-O 14. Qd2 Nc7 15. Rcd1 Qe8 16. d5 cxd5 17. Bxb6 axb6 18. cxd5 Bc5+ 19. Kh1 exd5 20. Nxd5 Nxd5 21. Qxd5 Qc6 22. Qd2 Qe4 23. Rfe1 Be3 24. Qd3 Qxe5 25. Nxe5 Bxd3 26. Bxd3 Bd4 27. Bxh7+ Kxh7 28. Rxd4 Rfe8 29. Nf3 Rxe1+ 30. Nxe1 Rc8 31. Kg1 1-0

[Event "Mike Shpan mem."]
[Site "Winnipeg CAN"]
[Date "2004.12.07"]
[Round "6"]
[White "Lafreniere, Adrian"]
[Black "Rutter, Blair"]
[Result "1/2-1/2"]
[WhiteElo "1753"]
[BlackElo "1659"]
[PlyCount "76"]
[GameId "2160767911060917"]
[EventDate "2004.11.02"]
[EventType "swiss"]
[EventRounds "6"]
[EventCountry "CAN"]
[SourceTitle "EXT 2009"]
[Source "ChessBase"]
[SourceDate "2008.11.26"]
[SourceVersion "1"]
[SourceVersionDate "2008.11.26"]
[SourceQuality "1"]

1. e4 e6 2. d4 d5 3. e5 c5 4. c3 Nc6 5. Be3 Qb6 6. Qb3 Bd7 7. Nf3 Rc8 8. Be2 cxd4 9. cxd4 Nb4 10. Nc3 Ne7 11. O-O Nf5 12. Rac1 Be7 13. Na4 Qd8 14. Rxc8 Qxc8 15. Rc1 Qb8 16. Nc5 Bxc5 17. Rxc5 Nc6 18. Bd3 Nxe3 19. fxe3 O-O 20. Qd1 f5 21. Ng5 h6 22. Nh3 g5 23. g4 Nxe5 24. Be2 fxg4 25. Bxg4 Nxg4 26. Qxg4 Qd8 27. Rc2 Kg7 28. Nf4 Re8 29. Nh5+ Kh7 30. h4 Rg8 31. Rg2 Rg6 32. Qf3 Qe7 33. Qg3 Be8 34. Qe5 gxh4 35. Rxg6 Kxg6 36. Nf4+ Kf7 37. Qh5+ Kg7 38. Qg4+ Kh7 1/2-1/2

[Event "Mike Shpan mem."]
[Site "Winnipeg CAN"]
[Date "2004.12.07"]
[Round "6"]
[White "MacPherson, Al"]
[Black "Harding, Mike"]
[Result "1-0"]
[WhiteElo "1734"]
[BlackElo "1740"]
[PlyCount "90"]
[GameId "2160767911060918"]
[EventDate "2004.11.02"]
[EventType "swiss"]
[EventRounds "6"]
[EventCountry "CAN"]
[SourceTitle "EXT 2009"]
[Source "ChessBase"]
[SourceDate "2008.11.26"]
[SourceVersion "1"]
[SourceVersionDate "2008.11.26"]
[SourceQuality "1"]

1. d4 Nf6 2. c4 g6 3. Nc3 Bg7 4. e4 d6 5. Nf3 O-O 6. Be2 e5 7. dxe5 dxe5 8. O-O Nc6 9. Bg5 h6 10. Be3 Qe7 11. Nd5 Nxd5 12. cxd5 Rd8 13. Qc2 Nd4 14. Nxd4 exd4 15. Bf4 Be5 16. Bd2 Bd6 17. a3 f5 18. f3 Re8 19. Bd3 f4 20. b4 Bd7 21. Bc1 g5 22. Bb2 Qe5 23. Qc4 g4 24. Qxd4 gxf3 25. Qxe5 Bxe5 26. Bxe5 Rxe5 27. Rxf3 c6 28. Rxf4 a5 29. bxa5 Rxa5 30. Bc4 cxd5 31. Bxd5+ Be6 32. Bxb7 Rab5 33. Bc6 Rb2 34. Re1 Rc5 35. Bd5 Bxd5 36. exd5 Rxd5 37. Rf2 Rb3 38. Ra2 Ra5 39. Rea1 Kf7 40. a4 Rb4 41. Ra3 h5 42. Kf1 h4 43. R3a2 Rf5+ 44. Rf2 Ke6 45. Rxf5 Kxf5 1-0

[Event "Mike Shpan mem."]
[Site "Winnipeg CAN"]
[Date "2004.12.07"]
[Round "6"]
[White "Rumpel, Chris"]
[Black "Silva, T Romero"]
[Result "0-1"]
[WhiteElo "1559"]
[BlackElo "1660"]
[PlyCount "65"]
[GameId "2160767911060919"]
[EventDate "2004.11.02"]
[EventType "swiss"]
[EventRounds "6"]
[EventCountry "CAN"]
[SourceTitle "EXT 2009"]
[Source "ChessBase"]
[SourceDate "2008.11.26"]
[SourceVersion "1"]
[SourceVersionDate "2008.11.26"]
[SourceQuality "1"]

1. Nf3 Nf6 2. g3 c6 3. d3 d5 4. Bg2 Bg4 5. O-O Nbd7 6. Nbd2 e5 7. e4 Be7 8. c3 Qc7 9. Re1 O-O 10. h3 Bh5 11. g4 Bg6 12. Nh4 Rad8 13. Nxg6 fxg6 14. Nf3 dxe4 15. dxe4 Kh8 16. Bg5 Nc5 17. Qc2 h6 18. Bh4 Nd3 19. Re3 Nf4 20. g5 Nxg2 21. Kxg2 Nh5 22. Bg3 Nf4+ 23. Bxf4 exf4 24. Re2 Bxg5 25. Nxg5 hxg5 26. f3 Qe5 27. Kh2 Rd6 28. Rg2 Rfd8 29. Rag1 Kh7 30. Kh1 Qe6 31. Rg4 Rd2 32. Qb1 Rf2 33. Rxg5 0-1

[Event "Mike Shpan mem."]
[Site "Winnipeg CAN"]
[Date "2004.12.07"]
[Round "6"]
[White "Schulz, Waldemar"]
[Black "Khedkar, Jay S"]
[Result "0-1"]
[WhiteElo "2089"]
[BlackElo "1964"]
[PlyCount "50"]
[GameId "2160767911060920"]
[EventDate "2004.11.02"]
[EventType "swiss"]
[EventRounds "6"]
[EventCountry "CAN"]
[SourceTitle "EXT 2009"]
[Source "ChessBase"]
[SourceDate "2008.11.26"]
[SourceVersion "1"]
[SourceVersionDate "2008.11.26"]
[SourceQuality "1"]

1. d4 Nf6 2. Nf3 g6 3. g3 Bg7 4. Bg2 d6 5. c4 O-O 6. O-O Nbd7 7. Nc3 e5 8. e3 c6 9. dxe5 dxe5 10. Qe2 Qe7 11. Rb1 a5 12. b3 Ne8 13. e4 Nc7 14. Bg5 f6 15. Be3 Ne6 16. Rfd1 f5 17. Qd2 f4 18. gxf4 exf4 19. Bd4 Nxd4 20. Nxd4 Ne5 21. f3 Qh4 22. Qf2 Qh5 23. Nce2 g5 24. Kh1 g4 25. Kg1 c5 0-1

[Event "Mike Shpan mem."]
[Site "Winnipeg CAN"]
[Date "2004.12.07"]
[Round "6"]
[White "Tang, Edward"]
[Black "Van Wyk, Joseph"]
[Result "1-0"]
[WhiteElo "1940"]
[BlackElo "1912"]
[PlyCount "87"]
[GameId "2160767911060921"]
[EventDate "2004.11.02"]
[EventType "swiss"]
[EventRounds "6"]
[EventCountry "CAN"]
[SourceTitle "EXT 2009"]
[Source "ChessBase"]
[SourceDate "2008.11.26"]
[SourceVersion "1"]
[SourceVersionDate "2008.11.26"]
[SourceQuality "1"]

1. e4 d5 2. d3 dxe4 3. dxe4 Qxd1+ 4. Kxd1 Nf6 5. f3 e5 6. Be3 Nc6 7. Bc4 Be7 8. c3 Na5 9. Bf1 Be6 10. Nd2 O-O-O 11. Kc2 Kb8 12. b4 Nc6 13. Ne2 Rd7 14. Nc1 Rhd8 15. Ncb3 a6 16. Be2 Nh5 17. g3 f5 18. a4 Na7 19. b5 axb5 20. axb5 b6 21. Ra4 Nc8 22. Rha1 f4 23. Bf2 fxg3 24. hxg3 Bg5 25. Nc4 Bxc4 26. Bxc4 c5 27. bxc6 Rd2+ 28. Nxd2 Rxd2+ 29. Kb3 Rxf2 30. Ra8+ Kc7 31. Rxc8+ Kxc8 32. Ra7 Bd8 33. Be6+ Kb8 34. Rb7+ Ka8 35. Rd7 Kb8 36. Rxd8+ Kc7 37. Rc8+ Kd6 38. Bd5 Nf6 39. Rd8+ Kc7 40. Rf8 Nxd5 41. exd5 e4 42. Rf7+ Kc8 43. d6 Rxf3 44. Rxg7 1-0

[Event "Montcalm I 2004-05"]
[Site "Quebec CAN"]
[Date "2004.09.09"]
[Round "1"]
[White "Audet-Bouchard, Nicolas"]
[Black "Leveille, Philippe"]
[Result "1-0"]
[WhiteElo "2177"]
[BlackElo "1639"]
[PlyCount "65"]
[GameId "2160767911069338"]
[EventDate "2004.09.09"]
[EventType "swiss"]
[EventRounds "5"]
[EventCountry "CAN"]
[SourceTitle "EXT 2006"]
[Source "ChessBase"]
[SourceDate "2005.11.24"]
[SourceVersion "1"]
[SourceVersionDate "2005.11.24"]
[SourceQuality "1"]

1. e4 e6 2. d4 d5 3. Nc3 dxe4 4. Nxe4 Bd7 5. Nf3 Bc6 6. Bd3 Nd7 7. O-O Ngf6 8. Ng3 Bd6 9. Re1 O-O 10. Ne5 Bxe5 11. dxe5 Nd5 12. Qh5 g6 13. Qh6 f5 14. exf6 Qxf6 15. Ne4 Qd4 16. Re2 Rae8 17. Ng5 Re7 18. Qh3 Nc5 19. Nf3 Qb4 20. Ne5 Qb6 21. Nxc6 Qxc6 22. Bg5 Ref7 23. c3 Qb6 24. Bh6 Nxd3 25. Qxd3 Rxf2 26. Bxf8 Rf3+ 27. Qd4 Qxd4+ 28. cxd4 Rxf8 29. Kh1 Re8 30. Rae1 Kf7 31. Kg1 Nf4 32. Rf1 g5 33. g3 1-0